00254pab a2200109 454500008004000000245004200040260000900082300001100091362001100102650001400113773001700127180718b1991 xxu||||| |||| 00| 0 eng d aThe global context of democratisation c1991 a119-74 aSpring aDemocracy aAlternatives